000 00405nam a2200181Ia 4500
001 7787
003 GE_BSU
008 181216s||||||||xx |||||||||||||| ||und||
040 _cGE_BSU
245 _aParis Match, du 22 AU 28Aout.№3353. 2013.
245 _b№3353
245 _cdir.red. O.Royant.
260 _aParis
260 _c2013
300 _a102pg;29cm.
653 _aParis Match
942 _cCR
999 _c41137
_d41137